000 00758nam a2200193 a 4500
001 000046010
005 20201002052559.0
008 150611s2009 dr 000 0 spa d
040 _aDO-SdBNP
_bspa
_cBNPHU
082 _axxxx
_bxxxx
100 1 _aVillegas, Víctor.
_97744
245 1 0 _aHe aquí mi confesión /
_cVíctor Villegas.
260 _aSanto Domingo :
_bUniversitaria-UASD,
_c2009.
300 _a42 p. ;
_c21 cm.
490 1 _aHumanísticas --
500 _aIncluye datos biográficos del autor
505 0 _aHe aquí mi confesión --
_tEl 6 de julio --
_tSi los árboles celosos --
_tLlovisne en diciembre --
_tDesde que nací --
_tYo discuto mi nombre --
_tHe permanecido detrás de mí --
_tEn las uñas del pueblo.
830 0 _aHumanísticas
_974086
999 _c45499
_d45499